Sports Quiz

Random Sports or NCAA Quiz

NBA Alma Maters: Duke, UNC, or UConn? Quiz Stats

 Plays Quiz Updated Jan 8, 2019

Support Sporcle.
Go Orange.
Score 0/30 Timer 03:00
1 Play Today
Player College % Correct
Christian Laettner???
89.7%
Kyrie Irving???
89.7%
Grant Hill???
86.8%
Shane Battier???
85.8%
Austin Rivers???
83.6%
Carlos Boozer???
80.3%
Vince Carter???
80.3%
Luol Deng???
77.6%
Tyus Jones???
77.6%
Ray Allen???
76.6%
James Worthy???
75.8%
Harrison Barnes???
75.2%
Ty Lawson???
73.8%
Chris Duhon???
73.5%
Raymond Felton???
71.1%
Player College % Correct
Andre Drummond???
70.3%
Jerry Stackhouse???
70.2%
Kenny Smith???
69.8%
Rasheed Wallace???
69.6%
Rudy Gay???
69.6%
Antawn Jamison???
69.5%
Bob McAdoo???
69.1%
Richard Hamilton???
68.4%
Harry Giles???
67.4%
Charlie Villanueva???
64.4%
Emeka Okafor???
64.1%
Jeremy Lamb???
63%
Ben Gordon???
62.6%
Caron Butler???
54.8%
Donyell Marshall???
53.2%

You're not logged in!

Compare scores with friends on all Sporcle quizzes.
OR
Log In

From the Vault

6 to 1: Oceania

by mg10

Hopefully you know your islands!
Remove Ads.
Support Sporcle.
Get the best of Sporcle when you Go Orange. This ad-free experience offers more features, more stats, and more fun while also helping to support Sporcle. Thank you for becoming a member.

Show Comments

Extras

Top Quizzes Today


Score Distribution

Your Account Isn't Verified!

In order to create a playlist on Sporcle, you need to verify the email address you used during registration. Go to your Sporcle Settings to finish the process.

Report this User

Report this user for behavior that violates our Community Guidelines.

Details: